Conocimiento que tienen los enfermeros en reanimacion cerebro cardio pulmonar adulto de los servicios de urgencia y cuidado critico en cinco IPS. Cartagena. 2017 / (Registro nro. 3969)
[ vista simple ]
| 000 -LEADER | |
|---|---|
| fixed length control field | 02158nam a2200265 4500 |
| 001 - CONTROL NUMBER | |
| control field | 0000008478 |
| 005 - DATE AND TIME OF LATEST TRANSACTION | |
| control field | 20250329165433.0 |
| 008 - FIXED-LENGTH DATA ELEMENTS--GENERAL INFORMATION | |
| fixed length control field | 180125s2017 000 0 eng d |
| 040 ## - CATALOGING SOURCE | |
| Original cataloging agency | CO-CtgCURN |
| Language of cataloging | spa |
| Transcribing agency | coctgcurn |
| 082 0# - DEWEY DECIMAL CLASSIFICATION NUMBER | |
| Classification number | ENF 2017 |
| Item number | C753 |
| 100 1# - MAIN ENTRY--PERSONAL NAME | |
| Personal name | Cuadrado Cantero, Laure. |
| 245 10 - TITLE STATEMENT | |
| Title | Conocimiento que tienen los enfermeros en reanimacion cerebro cardio pulmonar adulto de los servicios de urgencia y cuidado critico en cinco IPS. Cartagena. 2017 / |
| Statement of responsibility, etc. | Lauren Cuadrado Cantero; María Altamar Torres; Melissa Dita Vanegas; Stefany Jurado Ortega; Asesora Kendy Madero Zambrano. |
| 260 ## - PUBLICATION, DISTRIBUTION, ETC. | |
| Place of publication, distribution, etc. | Cartagena de Indias : |
| Name of publisher, distributor, etc. | Corporación Universitaria Rafael Núñez, |
| Date of publication, distribution, etc. | 2017. |
| 300 ## - PHYSICAL DESCRIPTION | |
| Extent | 119 p : |
| Other physical details | il., tabs. |
| 502 ## - DISSERTATION NOTE | |
| Dissertation note | Trabajo de Grado. (Enfermera). Corporación Universitaria Rafael Nuñez . Facultad de Ciencias de la Salud . Programa de Enfermeria, 2017. |
| 520 ## - SUMMARY, ETC. | |
| Summary, etc. | Actualmente las instituciones de salud exigen a su personal de urgencia y cuidados intensivos, teoria t cnica sobre el protocolo de Reanimacion cerebro cardio pulmonar avanzada (RCCPa), puesto que la atencion exitosa de un paciente en paro Cerebro cardio respiratorio (PCCR) se fundamenta en una respuesta r pida y coordinada de los profesionales de la salud. La reanimacion cerebro cardio pulmonar, es el conjunto de medidas que se emplean cuando una persona sufre una parada cerebro cardio respiratoria, es decir, cuando sufre la usencia de circulacion y de ventilacion pulmonar. Esta reanimacion se realiza con intencion de conseguir el reinicio de la funcion cardiaca y respiratoria antes de que se produzca lesion cerebral. |
| 650 #0 - SUBJECT ADDED ENTRY--TOPICAL TERM | |
| Topical term or geographic name entry element | Enfermeria |
| Form subdivision | Tesis y Disertaciones Academicas. |
| 700 1# - ADDED ENTRY--PERSONAL NAME | |
| Personal name | Torres, María Altamar. |
| 700 1# - ADDED ENTRY--PERSONAL NAME | |
| Personal name | Vanegas, Melissa Dita. |
| 700 1# - ADDED ENTRY--PERSONAL NAME | |
| Personal name | Jurado Ortega, Stefany. |
| 700 1# - ADDED ENTRY--PERSONAL NAME | |
| Personal name | Madero Zambrano, Kendy, |
| Titles and other words associated with a name | Asesora. |
| 856 7# - ELECTRONIC LOCATION AND ACCESS | |
| Uniform Resource Identifier | <a href="https://unicurn.sharepoint.com/:b:/s/biblioteca/EYquZ6trRl1BqJOKfQCV39IB5_It06mf6hQ71ai9twLwpQ?e=T5J1eL">https://unicurn.sharepoint.com/:b:/s/biblioteca/EYquZ6trRl1BqJOKfQCV39IB5_It06mf6hQ71ai9twLwpQ?e=T5J1eL</a> |
| Public note | Click aqui para ver el recurso en texto completo |
| 942 ## - ADDED ENTRY ELEMENTS (KOHA) | |
| Source of classification or shelving scheme | Dewey Decimal Classification |
| Koha item type | Trabajos de grado |
| Classification part | ENF 2017 |
| Item part | C753 |
| Withdrawn status | Lost status | Damaged status | Not for loan | Collection | Home library | Current library | Shelving location | Date acquired | Cost, normal purchase price | Inventory number | Total checkouts | Full call number | Barcode | Date last seen | Price effective from | Koha item type |
|---|---|---|---|---|---|---|---|---|---|---|---|---|---|---|---|---|
| Trabajos de grado | Miguel Henríquez Emiliani | Miguel Henríquez Emiliani | Trabajo de grado | 09/23/2018 | 35000.00 | 021969 | ENF 2017 C753 | 021969 | 03/29/2025 | 03/29/2025 | Trabajos de grado |